| 000 | 00456nam a22001817a 4500 | ||
|---|---|---|---|
| 999 |
_c7757 _d7757 |
||
| 003 | OSt | ||
| 005 | 20220301124021.0 | ||
| 008 | 220301b ||||| |||| 00| 0 eng d | ||
| 020 | _a0295976209 | ||
| 040 | _cDDC | ||
| 082 | _a304.8 COH 1997 | ||
| 100 |
_aCohen, Robin _915817 |
||
| 245 |
_aGlobal diasporas _b: an introduction |
||
| 260 |
_aUSA _b: UCL press _c, 1994 |
||
| 300 |
_axii, 228p. _c; 22 cm |
||
| 504 | _aBibliography Index | ||
| 942 |
_2ddc _cBOOK |
||